[Event "Lloyds Bank Masters 08th"]
[Site "London, Park Lane Hotel"]
[Date "1984.08.23"]
[Round "2"]
[White "Khadilkar, Rohini"]
[Black "Lee, Darren L"]
[Result "1-0"]
[WhiteElo "2115"]
[BlackElo "2230"]
[PlyCount "63"]
[EventDate "1984.08.22"]
[EventType "swiss"]
[EventRounds "9"]
[EventCountry "ENG"]
[SourceTitle "BritBase"]
[Source "John Saunders"]
[SourceDate "2021.06.18"]
[SourceVersion "1"]
[SourceVersionDate "2021.06.18"]
[SourceQuality "2"]

1. e4 c5 2. Nf3 d6 3. d4 cxd4 4. Nxd4 Nf6 5. Nc3 g6 6. Be3 Bg7 7. f3 Nc6 8. Qd2
O-O 9. Bc4 Bd7 10. h4 Ne5 11. Bb3 Qa5 12. O-O-O Rfc8 13. h5 Nxh5 14. Bh6 Nd3+
15. Kb1 Nxb2 16. Kxb2 Bxh6 17. Qxh6 Rxc3 18. g4 Nf6 19. e5 dxe5 20. g5 exd4 21.
gxf6 Rxc2+ 22. Bxc2 Qc3+ 23. Kc1 Qa1+ 24. Kd2 Qc3+ 25. Ke2 Qxc2+ 26. Rd2 d3+
27. Kf1 Bh3+ 28. Rxh3 Qc1+ 29. Kg2 exf6 30. Qxh7+ Kf8 31. Qh6+ Ke7 32. Re2+ 1-0

[Event "Lloyds Bank Masters 08th"]
[Site "London, Park Lane Hotel"]
[Date "1984.08.23"]
[Round "2"]
[White "Lalic, Susan"]
[Black "Singh, PK."]
[Result "1-0"]
[WhiteElo "1945"]
[BlackElo "2260"]
[PlyCount "71"]
[EventDate "1984.08.22"]
[EventType "swiss"]
[EventRounds "9"]
[EventCountry "ENG"]
[SourceTitle "BritBase"]
[Source "John Saunders"]
[SourceDate "2021.06.18"]
[SourceVersion "1"]
[SourceVersionDate "2021.06.18"]
[SourceQuality "2"]

1. e4 c5 2. c3 d5 3. exd5 Qxd5 4. d4 e6 5. Nf3 Nc6 6. Be2 cxd4 7. cxd4 Nf6 8.
O-O Be7 9. Nc3 Qd6 10. Bg5 O-O 11. Qd2 Nd5 12. Ne4 Qd8 13. Rac1 Bxg5 14. Nexg5
Nf6 15. Bd3 h6 16. Ne4 Nxe4 17. Bxe4 Ne7 18. Ne5 Nd5 19. Bxd5 Qxd5 20. Rc7 Qe4
21. Rfc1 b6 22. f3 Qf5 23. Nc6 Re8 24. Ne7+ Rxe7 25. Rxe7 Ba6 26. Rcc7 Rf8 27.
a4 Qb1+ 28. Kf2 Qf1+ 29. Kg3 Bc4 30. Qc3 Bd5 31. Rc8 h5 32. Rxf8+ Kxf8 33. Qc7
Qe1+ 34. Kh3 Kg8 35. Rxf7 e5 36. Rxg7+ 1-0

[Event "Lloyds Bank Masters 08th"]
[Site "London, Park Lane Hotel"]
[Date "1984.08.23"]
[Round "2"]
[White "Garcia Olasagasti, Leontxo"]
[Black "Anagnostopoulos, Dimitrios"]
[Result "0-1"]
[WhiteElo "2280"]
[BlackElo "2090"]
[PlyCount "72"]
[EventDate "1984.08.22"]
[EventType "swiss"]
[EventRounds "9"]
[EventCountry "ENG"]
[SourceTitle "BritBase"]
[Source "John Saunders"]
[SourceDate "2021.06.18"]
[SourceVersion "1"]
[SourceVersionDate "2021.06.18"]
[SourceQuality "2"]

1. d4 Nf6 2. c4 g6 3. Nc3 Bg7 4. e4 d6 5. f4 O-O 6. Nf3 c5 7. d5 e6 8. Be2 exd5
9. cxd5 Re8 10. Nd2 Na6 11. O-O Nc7 12. a4 b6 13. Kh1 Rb8 14. Rb1 Ba6 15. Re1
Bxe2 16. Rxe2 a6 17. Nc4 Qd7 18. e5 dxe5 19. d6 Ne6 20. fxe5 Ng4 21. h3 Nd4 22.
hxg4 Nxe2 23. Qxe2 b5 24. Bf4 bxc4 25. Rd1 Rbd8 26. Ne4 h6 27. Nxc5 Qc6 28. Ne4
g5 29. Bg3 Qxa4 30. Rd4 Qa5 31. d7 Re7 32. Qxc4 Bxe5 33. Bxe5 Qxe5 34. Rd5 Qxe4
35. Qc5 Qe1+ 36. Kh2 Qh4+ 0-1

[Event "Lloyds Bank Masters 08th"]
[Site "London, Park Lane Hotel"]
[Date "1984.08.23"]
[Round "2"]
[White "Ravikumar, Vaidyanathan"]
[Black "Savage, Allan George"]
[Result "1-0"]
[WhiteElo "2385"]
[BlackElo "2315"]
[PlyCount "103"]
[EventDate "1984.08.22"]
[EventType "swiss"]
[EventRounds "9"]
[EventCountry "ENG"]
[SourceTitle "BritBase"]
[Source "John Saunders"]
[SourceDate "2021.06.18"]
[SourceVersion "1"]
[SourceVersionDate "2021.06.18"]
[SourceQuality "2"]

1. d4 Nf6 2. c4 g6 3. Nc3 Bg7 4. e4 d6 5. Be2 O-O 6. Bg5 Nbd7 7. Qd2 e5 8. d5
Nc5 9. f3 Bd7 10. h4 Qe8 11. g4 h5 12. O-O-O hxg4 13. Bxf6 Bxf6 14. fxg4 Qd8
15. Kb1 Bg7 16. h5 f5 17. h6 Bf6 18. gxf5 gxf5 19. Nh3 Kh8 20. Bh5 Rg8 21. Rdg1
Qe7 22. Bg6 Nxe4 23. Nxe4 fxe4 24. Qe3 Bh4 25. h7 Rg7 26. Bxe4 b6 27. Qh6 Bxh3
28. Qxg7+ Qxg7 29. Rxg7 Kxg7 30. Rxh3 Bf6 31. Kc2 Rf8 32. Ra3 a5 33. Rg3+ Kh8
34. Rf3 Kg7 35. Kb3 Be7 36. Rxf8 Bxf8 37. Ka4 Be7 38. Kb5 Bg5 39. Kc6 Be3 40.
Kxc7 Bc5 41. Kc6 Kh8 42. Kb5 Bd4 43. b3 Bc5 44. Ka4 Kg7 45. a3 Bd4 46. Kb5 Be3
47. Ka4 Kh8 48. b4 axb4 49. axb4 Kg7 50. Kb3 Bf2 51. c5 bxc5 52. b5 1-0

[Event "Lloyds Bank Masters 08th"]
[Site "London, Park Lane Hotel"]
[Date "1984.08.23"]
[Round "2"]
[White "Reefschlaeger, Helmut"]
[Black "Davies, Nigel Rodney"]
[Result "1-0"]
[WhiteElo "2410"]
[BlackElo "2340"]
[PlyCount "89"]
[EventDate "1984.08.22"]
[EventType "swiss"]
[EventRounds "9"]
[EventCountry "ENG"]
[SourceTitle "BritBase"]
[Source "John Saunders"]
[SourceDate "2021.06.18"]
[SourceVersion "1"]
[SourceVersionDate "2021.06.18"]
[SourceQuality "2"]

1. d4 g6 2. g3 Bg7 3. Bg2 c5 4. d5 Nf6 5. c4 O-O 6. Nc3 d6 7. Nf3 e5 8. O-O Na6
9. a3 b6 10. e4 Ng4 11. Nh4 f5 12. exf5 gxf5 13. Bh3 Nc7 14. Nxf5 Nxh2 15. Kxh2
Bxf5 16. Bxf5 Rxf5 17. Qg4 Qd7 18. Ne4 Raf8 19. Kg1 Ne8 20. Bg5 Qf7 21. Bh6 Kh8
22. Bxg7+ Qxg7 23. Qxg7+ Kxg7 24. a4 a5 25. Kg2 R8f7 26. Ra3 h5 27. f3 Kg6 28.
Rb3 Rb7 29. Rh1 Kg7 30. Rh4 Kg6 31. Rh1 Kg7 32. Rh3 Kg6 33. Rh4 Rb8 34. Rc3 Rd8
35. g4 hxg4 36. Rxg4+ Kf7 37. Ng5+ Ke7 38. Ne6 Rd7 39. Rb3 Rb7 40. f4 exf4 41.
Rh3 Rf7 42. Nxf4 Nf6 43. Ng6+ Kd7 44. Rf4 Ke8 45. Re3+ 1-0

[Event "Lloyds Bank Masters 08th"]
[Site "London, Park Lane Hotel"]
[Date "1984.08.23"]
[Round "2"]
[White "Thomas, Ian L"]
[Black "Bartsch, Berthold"]
[Result "1-0"]
[WhiteElo "2115"]
[BlackElo "2265"]
[PlyCount "49"]
[EventDate "1984.08.22"]
[EventType "swiss"]
[EventRounds "9"]
[EventCountry "ENG"]
[SourceTitle "BritBase"]
[Source "John Saunders"]
[SourceDate "2021.06.18"]
[SourceVersion "1"]
[SourceVersionDate "2021.06.18"]
[SourceQuality "2"]

1. e4 c5 2. g3 Nc6 3. Bg2 g6 4. Nc3 Bg7 5. d3 e6 6. Be3 Nd4 7. Qc1 Ne7 8. Nd1
b6 9. c3 Ndc6 10. Bh6 O-O 11. h4 f6 12. Bxg7 Kxg7 13. f4 Ba6 14. Nf2 d5 15. h5
Rh8 16. Nf3 b5 17. Ng4 b4 18. e5 fxe5 19. h6+ Kf8 20. Ng5 Qd6 21. fxe5 Qb8 22.
Nxe6+ Ke8 23. Nf6+ Kf7 24. Ng5+ Kf8 25. Nd7+ 1-0

[Event "Lloyds Bank Masters 08th"]
[Site "London, Park Lane Hotel"]
[Date "1984.08.23"]
[Round "2"]
[White "Waddingham, Graham A"]
[Black "Upton, Timothy J"]
[Result "1-0"]
[WhiteElo "2215"]
[BlackElo "2340"]
[PlyCount "59"]
[EventDate "1984.08.22"]
[EventType "swiss"]
[EventRounds "9"]
[EventCountry "ENG"]
[SourceTitle "BritBase"]
[Source "John Saunders"]
[SourceDate "2021.06.18"]
[SourceVersion "1"]
[SourceVersionDate "2021.06.18"]
[SourceQuality "2"]

1. e4 e5 2. Nf3 Nc6 3. Bc4 Nf6 4. d3 Be7 5. O-O O-O 6. a3 d6 7. b4 Bg4 8. h3
Bh5 9. g4 Bg6 10. Nc3 a5 11. b5 Nd4 12. Nxd4 exd4 13. Ne2 d5 14. exd5 Nxd5 15.
f4 f5 16. Bb2 Kh8 17. Nxd4 Bc5 18. Kh1 Ne3 19. Ne6 Qh4 20. Qf3 fxg4 21. Bxg7+
Kg8 22. Nxc5+ Nxc4 23. Qxg4 Qxg4 24. hxg4 Kxg7 25. Ne6+ Kg8 26. Nxf8 Ne3 27.
Nxg6 Nxf1 28. Ne7+ Kf7 29. Nf5 Nd2 30. Rd1 (30. Re1 {is wrongly given on
ChessBase}) 1-0

[Event "Lloyds Bank Masters 08th"]
[Site "London, Park Lane Hotel"]
[Date "1984.08.23"]
[Round "2"]
[White "Watson, William N"]
[Black "Chandler, Murray G"]
[Result "1/2-1/2"]
[WhiteElo "2450"]
[BlackElo "2540"]
[PlyCount "44"]
[EventDate "1984.08.22"]
[EventType "swiss"]
[EventRounds "9"]
[EventCountry "ENG"]
[SourceTitle "BritBase"]
[Source "John Saunders"]
[SourceDate "2021.06.18"]
[SourceVersion "1"]
[SourceVersionDate "2021.06.18"]
[SourceQuality "2"]

1. e4 c5 2. Nc3 Nc6 3. Nf3 g6 4. d4 cxd4 5. Nxd4 Bg7 6. Be3 Nf6 7. Bc4 O-O 8.
f3 Qb6 9. Bb3 Nxe4 10. Nd5 Qa5+ 11. c3 Nc5 12. Nxc6 dxc6 13. Nxe7+ Kh8 14. Nxc8
Raxc8 15. O-O Rcd8 16. Qc2 Rfe8 17. Bf2 Nxb3 18. axb3 Qb5 19. Rfe1 Rxe1+ 20.
Rxe1 Bf6 21. b4 b6 22. Qe2 Qxe2 1/2-1/2

[Event "Lloyds Bank Masters 08th"]
[Site "London, Park Lane Hotel"]
[Date "1984.08.23"]
[Round "2"]
[White "Wheeler, Mark"]
[Black "Popovych, Orest"]
[Result "0-1"]
[WhiteElo "2190"]
[BlackElo "2300"]
[PlyCount "56"]
[EventDate "1984.08.22"]
[EventType "swiss"]
[EventRounds "9"]
[EventCountry "ENG"]
[SourceTitle "BritBase"]
[Source "John Saunders"]
[SourceDate "2021.06.18"]
[SourceVersion "1"]
[SourceVersionDate "2021.06.18"]
[SourceQuality "2"]

1. d4 Nf6 2. c4 c5 3. d5 b5 4. Nf3 Bb7 5. Nc3 b4 6. Qb3 Qb6 7. Nd1 d6 8. g3
Nbd7 9. Bg2 g6 10. O-O Bg7 11. Ne3 O-O 12. Qd3 e5 13. dxe6 fxe6 14. Bh3 Rae8
15. Rd1 Ne4 16. Nd5 exd5 17. Bxd7 Re7 18. Bg4 dxc4 19. Qxc4+ d5 20. Qc2 Kh8 21.
Bg5 Ref7 22. h4 d4 23. Bf4 h6 24. Ne5 Rxf4 25. Nc4 Qf6 26. gxf4 Qxh4 27. e3
Qxg4+ 28. Kf1 Qf3 0-1

[Event "Lloyds Bank Masters 08th"]
[Site "London, Park Lane Hotel"]
[Date "1984.08.24"]
[Round "3"]
[White "Adams, Michael"]
[Black "Dickenson, Neil F"]
[Result "1-0"]
[WhiteElo "2130"]
[BlackElo "2230"]
[PlyCount "99"]
[EventDate "1984.08.22"]
[EventType "swiss"]
[EventRounds "9"]
[EventCountry "ENG"]
[SourceTitle "BritBase"]
[Source "John Saunders"]
[SourceDate "2021.06.18"]
[SourceVersion "1"]
[SourceVersionDate "2021.06.18"]
[SourceQuality "2"]

1. e4 e6 2. d4 d5 3. Nd2 c5 4. exd5 Qxd5 5. Ngf3 cxd4 6. Bc4 Qd6 7. O-O Nf6 8.
Nb3 Nc6 9. Nbxd4 Nxd4 10. Nxd4 a6 11. Nf3 b5 12. Bd3 Bb7 13. a4 Ng4 14. Re1 Qb6
15. Qe2 Bc5 16. Rf1 b4 17. h3 Nf6 18. Bg5 Nh5 19. Be3 Bxe3 20. Qxe3 Qxe3 21.
fxe3 Ng3 22. Rfe1 Ne4 23. Ne5 Nc5 24. Bc4 Ke7 25. a5 Rhd8 26. Red1 Rac8 27. b3
Rc7 28. Rxd8 Kxd8 29. Nd3 Nxd3 30. Bxd3 Rc5 31. Ra4 Kc7 32. Kf2 g6 33. g4 Bc6
34. Rxb4 Rxa5 35. Rf4 f5 36. g5 Rd5 37. Rh4 Rd7 38. Bxa6 Rd2+ 39. Ke1 Rxc2 40.
Rxh7+ Kd6 41. Bc4 Bd5 42. Rg7 Rh2 43. Rxg6 Rxh3 44. Kd2 Rg3 45. Rg8 Bxc4 46.
bxc4 Kc5 47. g6 Kd6 48. c5+ Kc7 49. g7 Kb7 50. c6+ 1-0

[Event "Lloyds Bank Masters 08th"]
[Site "London, Park Lane Hotel"]
[Date "1984.08.24"]
[Round "3"]
[White "Anagnostopoulos, Dimitrios"]
[Black "Norwood, David"]
[Result "0-1"]
[WhiteElo "2090"]
[BlackElo "2290"]
[PlyCount "66"]
[EventDate "1984.08.22"]
[EventType "swiss"]
[EventRounds "9"]
[EventCountry "ENG"]
[SourceTitle "BritBase"]
[Source "John Saunders"]
[SourceDate "2021.06.18"]
[SourceVersion "1"]
[SourceVersionDate "2021.06.18"]
[SourceQuality "2"]

1. e4 b6 2. d4 Bb7 3. Bd3 e6 4. Nf3 Nf6 5. Qe2 d6 6. O-O Be7 7. c4 Nc6 8. Nc3
O-O 9. a3 Nd7 10. Rb1 a6 11. Qc2 h6 12. Be3 Bf6 13. h3 Ne7 14. b4 Ng6 15. Rfd1
e5 16. d5 Re8 17. c5 Ndf8 18. Na4 b5 19. Nc3 Nf4 20. Bf1 g5 21. a4 bxa4 22.
Qxa4 h5 23. Nd2 g4 24. hxg4 hxg4 25. Nc4 N8g6 26. c6 Bc8 27. b5 Kg7 28. g3 Rh8
29. Bg2 Qg8 30. f3 Nxg2 31. Kxg2 gxf3+ 32. Kxf3 Rh2 33. Rh1 Bg4+ 0-1

[Event "Lloyds Bank Masters 08th"]
[Site "London, Park Lane Hotel"]
[Date "1984.08.24"]
[Round "3"]
[White "Davies, Nigel Rodney"]
[Black "Wiley, Tom E"]
[Result "1-0"]
[WhiteElo "2340"]
[BlackElo "2200"]
[PlyCount "67"]
[EventDate "1984.08.22"]
[EventType "swiss"]
[EventRounds "9"]
[EventCountry "ENG"]
[SourceTitle "BritBase"]
[Source "John Saunders"]
[SourceDate "2021.06.18"]
[SourceVersion "1"]
[SourceVersionDate "2021.06.18"]
[SourceQuality "2"]

1. g3 g6 2. Bg2 Bg7 3. c4 d6 4. d4 Nf6 5. Nf3 O-O 6. O-O Nc6 7. Nc3 a6 8. b3
Rb8 9. Bb2 b5 10. cxb5 axb5 11. Rc1 b4 12. Nb1 Na5 13. Qc2 c6 14. Ne1 Ba6 15.
Nd3 Qb6 16. Rfd1 Rfc8 17. e4 Nd7 18. Bh3 e6 19. Nf4 Rd8 20. d5 cxd5 21. Bxg7
Kxg7 22. Qb2+ Nf6 23. Bxe6 fxe6 24. Nxe6+ Kf7 25. Ng5+ Kg7 26. Rc7+ Kg8 27. Rf7
d4 28. Rxf6 Nc6 29. Qd2 Bc8 30. Qf4 Ne5 31. Nd2 Bg4 32. Nc4 Qc5 33. Nxe5 Bxd1
34. Rxg6+ 1-0

[Event "Lloyds Bank Masters 08th"]
[Site "London, Park Lane Hotel"]
[Date "1984.08.24"]
[Round "3"]
[White "Gallagher, Joseph G"]
[Black "Bellin, Jana"]
[Result "1-0"]
[WhiteElo "2295"]
[BlackElo "2245"]
[PlyCount "41"]
[EventDate "1984.08.22"]
[EventType "swiss"]
[EventRounds "9"]
[EventCountry "ENG"]
[SourceTitle "BritBase"]
[Source "John Saunders"]
[SourceDate "2021.06.18"]
[SourceVersion "1"]
[SourceVersionDate "2021.06.18"]
[SourceQuality "2"]

1. e4 c6 2. d4 d5 3. f3 g6 4. Nc3 Bg7 5. Be3 dxe4 6. fxe4 Nh6 7. Nf3 Ng4 8. Bg5
h6 9. Bh4 Ne3 10. Qd2 Nxf1 11. Rxf1 Be6 12. O-O-O Qa5 13. d5 Bg4 14. Qf4 h5 15.
Ne5 Bh6 16. Bg5 Bxg5 17. Qxg5 Bxd1 18. d6 exd6 19. Nd5 cxd5 20. Rxf7 Nc6 21.
Qf6 1-0

[Event "Lloyds Bank Masters 08th"]
[Site "London, Park Lane Hotel"]
[Date "1984.08.24"]
[Round "3"]
[White "Greenfeld, Alon"]
[Black "Fernandes, Antonio ETG"]
[Result "1-0"]
[WhiteElo "2485"]
[BlackElo "2400"]
[PlyCount "57"]
[EventDate "1984.08.22"]
[EventType "swiss"]
[EventRounds "9"]
[EventCountry "ENG"]
[SourceTitle "BritBase"]
[Source "John Saunders"]
[SourceDate "2021.06.18"]
[SourceVersion "1"]
[SourceVersionDate "2021.06.18"]
[SourceQuality "2"]

1. Nf3 c5 2. c4 Nf6 3. Nc3 Nc6 4. g3 e5 5. Bg2 g6 6. a3 Rb8 7. O-O a6 8. e3 d6
9. d4 Bg4 10. Qa4 Bd7 11. Qc2 Bg7 12. dxe5 dxe5 13. b4 O-O 14. bxc5 Qa5 15. a4
Be6 16. Nd2 Rfd8 17. Ba3 Nb4 18. Qb3 Nc6 19. Rfd1 Rd3 20. Bxc6 Qxc3 21. Qxc3
Rxc3 22. Bb2 Rc2 23. Bxe5 Rd8 24. Ne4 Rxd1+ 25. Rxd1 Nxe4 26. Bxe4 Rxc4 27.
Rd8+ Bf8 28. f3 Rxc5 29. Rxf8+ 1-0

[Event "Lloyds Bank Masters 08th"]
[Site "London, Park Lane Hotel"]
[Date "1984.08.24"]
[Round "3"]
[White "Griffin, Douglas"]
[Black "Waddingham, Graham A"]
[Result "0-1"]
[WhiteElo "2095"]
[BlackElo "2215"]
[PlyCount "44"]
[EventDate "1984.08.22"]
[EventType "swiss"]
[EventRounds "9"]
[EventCountry "ENG"]
[SourceTitle "BritBase"]
[Source "John Saunders"]
[SourceDate "2021.06.18"]
[SourceVersion "1"]
[SourceVersionDate "2021.06.18"]
[SourceQuality "2"]

1. d4 d5 2. c4 e6 3. Nf3 Nf6 4. g3 Be7 5. Bg2 O-O 6. O-O Nbd7 7. Qc2 b6 8. cxd5
Nxd5 9. Nc3 Bb7 10. Nxd5 exd5 11. Bf4 Rc8 12. Rfd1 Re8 13. Bh3 c5 14. Ne5 cxd4
15. Qb1 Bc6 16. Nxc6 Rxc6 17. Rxd4 Nf6 18. Qd1 Bc5 19. Rd3 Ne4 20. Be3 Qf6 21.
Bxc5 Rxc5 22. Rxd5 Nxf2 0-1

[Event "Lloyds Bank Masters 08th"]
[Site "London, Park Lane Hotel"]
[Date "1984.08.24"]
[Round "3"]
[White "Gutman, Lev"]
[Black "Hawkes, Rob"]
[Result "0-1"]
[WhiteElo "2485"]
[BlackElo "2365"]
[PlyCount "122"]
[EventDate "1984.08.22"]
[EventType "swiss"]
[EventRounds "9"]
[EventCountry "ENG"]
[SourceTitle "BritBase"]
[Source "John Saunders"]
[SourceDate "2021.06.18"]
[SourceVersion "1"]
[SourceVersionDate "2021.06.18"]
[SourceQuality "2"]

1. Nf3 g6 2. g3 Bg7 3. d4 c5 4. Bg2 cxd4 5. Nxd4 Nc6 6. Nxc6 bxc6 7. O-O Rb8 8.
Nd2 Nf6 9. Nb3 Qc7 10. Bd2 d6 11. Ba5 Qd7 12. Bc3 O-O 13. Re1 Bb7 14. Qd2 Rfc8
15. Rad1 c5 16. e4 c4 17. Na5 Ba8 18. e5 Bxg2 19. Kxg2 Ne8 20. Re4 Qe6 21. Qe3
d5 22. Rh4 Nc7 23. a4 a6 24. g4 Qb6 25. Qxb6 Rxb6 26. g5 Re6 27. Nxc4 dxc4 28.
Rxc4 Rxe5 29. h4 Re2 30. Bxg7 Kxg7 31. Rd7 Rb8 32. Kf3 Re6 33. Rcxc7 Rxb2 34.
Rd8 f6 35. Rcc8 fxg5 36. hxg5 Re5 37. Rg8+ Kf7 38. Kg4 Rb4+ 39. f4 Rf5 40.
Rgf8+ Ke6 41. Rxf5 gxf5+ 42. Kh5 Rxf4 43. Rc6+ Ke5 44. Rxa6 Rf2 45. Kh6 Rh2+
46. Kg7 f4 47. Ra7 Kd6 48. c4 f3 49. c5+ Kxc5 50. Rxe7 Kd4 51. Rf7 Ke3 52. Re7+
Kd2 53. Rf7 Ke2 54. Re7+ Kf1 55. a5 Rg2 56. Re5 Re2 57. Rf5 Re7+ 58. Kf6 Re3
59. Kf7 f2 60. a6 Kg1 61. Kg8 Re7 0-1

[Event "Lloyds Bank Masters 08th"]
[Site "London, Park Lane Hotel"]
[Date "1984.08.24"]
[Round "3"]
[White "Hamid, Rani"]
[Black "Arnason, Asgeir Thor"]
[Result "1-0"]
[WhiteElo "2135"]
[BlackElo "2250"]
[PlyCount "169"]
[EventDate "1984.08.22"]
[EventType "swiss"]
[EventRounds "9"]
[EventCountry "ENG"]
[SourceTitle "BritBase"]
[Source "John Saunders"]
[SourceDate "2021.06.18"]
[SourceVersion "1"]
[SourceVersionDate "2021.06.18"]
[SourceQuality "2"]

1. e4 c5 2. Nf3 d6 3. d4 cxd4 4. Nxd4 Nf6 5. Nc3 a6 6. Be2 e5 7. Nb3 Be7 8. O-O
O-O 9. Kh1 Qc7 10. f4 Be6 11. Nd5 Bxd5 12. exd5 Nbd7 13. c4 Rfe8 14. Be3 Bf8
15. fxe5 Nxe5 16. Bd4 Qe7 17. Re1 Nfd7 18. Rc1 Rac8 19. Bg4 Rcd8 20. c5 Qg5 21.
Bxd7 Rxd7 22. c6 bxc6 23. dxc6 Rc7 24. h3 Qg3 25. Re3 Qg5 26. Qe2 Re6 27. Bb6
Rc8 28. Nd4 Rg6 29. Rcc3 Qf4 30. Re4 Qg5 31. Ree3 Qf4 32. b4 h5 33. a4 Ng4 34.
hxg4 hxg4 35. g3 Qg5 36. Kg1 Rh6 37. a5 Qh5 38. Qg2 d5 39. Bc5 Qg6 40. Re1 Bxc5
41. Rxc5 Qd3 42. Rxd5 Qc3 43. Qf2 Rh3 44. Nf5 Rxc6 45. Rc5 Rxc5 46. bxc5 g6 47.
Re3 Qc1+ 48. Re1 Qc3 49. Re8+ Kh7 50. Ne3 Kg7 51. Re7 Qc1+ 52. Nf1 Qc4 53. Rd7
Rh5 54. c6 Rh1+ 55. Kxh1 Qxc6+ 56. Kg1 Qxd7 57. Qb6 Qd3 58. Ne3 Qd2 59. Qc5
Qe1+ 60. Nf1 Qe2 61. Qd4+ Kg8 62. Qc3 Qb5 63. Ne3 Qe2 64. Nc4 Kh7 65. Ne5 Kg8
66. Nc6 Kh7 67. Nd4 Qe4 68. Kf2 Kg8 69. Ne2 Qf5+ 70. Ke1 Kh7 71. Nf4 Kg8 72.
Kd2 Kh7 73. Qc7 Kg7 74. Nd3 Kg8 75. Qb6 Qc8 76. Nc5 Qa8 77. Nb7 Kg7 78. Kd3 Qb8
79. Nd6 Qa8 80. Qb7 Qd8 81. Qxf7+ Kh6 82. Qd5 Qf8 83. Kc2 g5 84. Qe6+ Kh5 85.
Qe8+ {("spread over four sessions" bulletin)} 1-0

[Event "Lloyds Bank Masters 08th"]
[Site "London, Park Lane Hotel"]
[Date "1984.08.24"]
[Round "3"]
[White "Khadilkar, Rohini"]
[Black "Hartston, William Roland"]
[Result "0-1"]
[WhiteElo "2115"]
[BlackElo "2440"]
[PlyCount "130"]
[EventDate "1984.08.22"]
[EventType "swiss"]
[EventRounds "9"]
[EventCountry "ENG"]
[SourceTitle "BritBase"]
[Source "John Saunders"]
[SourceDate "2021.06.18"]
[SourceVersion "1"]
[SourceVersionDate "2021.06.18"]
[SourceQuality "2"]

1. e4 c5 2. Nf3 e6 3. d4 cxd4 4. Nxd4 Nf6 5. Nc3 d6 6. Be2 Be7 7. O-O Nc6 8.
Be3 a6 9. f4 Bd7 10. Kh1 O-O 11. Qe1 b5 12. a3 Nxd4 13. Bxd4 Bc6 14. Qg3 Qd7
15. Bf3 g6 16. f5 e5 17. Be3 Kh8 18. Bg5 Qd8 19. Qh4 Ng8 20. Bxe7 Qxe7 21. Qxe7
Nxe7 22. f6 Nc8 23. Rad1 Rd8 24. Rf2 a5 25. Rfd2 b4 26. axb4 axb4 27. Nd5 Bxd5
28. Rxd5 Nb6 29. Rb5 Nc4 30. Rxb4 Ne3 31. Rc1 Nxc2 32. Rb7 Kg8 33. Kg1 Rac8 34.
Kf2 h5 35. b4 Nd4 36. Rcc7 Rxc7 37. Rxc7 Rb8 38. Rd7 Rxb4 39. Rxd6 Rb2+ 40. Ke3
h4 41. Rd8+ Kh7 42. Rd7 h3 43. Rxf7+ Kh6 44. Rf8 hxg2 45. Rh8+ Kg5 46. Bxg2
Re2+ 47. Kd3 Kxf6 48. Bf1 Re1 49. Bh3 Ra1 50. Bg4 Ra3+ 51. Kd2 Kg5 52. h3 Kf4
53. Rg8 g5 54. Rg7 Nf3+ 55. Bxf3 Rxf3 56. Rh7 Kxe4 57. h4 Rf2+ 58. Ke1 Rh2 59.
h5 Kf3 60. h6 g4 61. Re7 Rxh6 62. Rxe5 Rh1+ 63. Kd2 g3 64. Rf5+ Kg4 65. Rf8 g2
0-1

[Event "Lloyds Bank Masters 08th"]
[Site "London, Park Lane Hotel"]
[Date "1984.08.24"]
[Round "3"]
[White "McDonald, Neil R"]
[Black "De Firmian, Nick E"]
[Result "1/2-1/2"]
[WhiteElo "2215"]
[BlackElo "2475"]
[PlyCount "202"]
[EventDate "1984.08.22"]
[EventType "swiss"]
[EventRounds "9"]
[EventCountry "ENG"]
[SourceTitle "BritBase"]
[Source "John Saunders"]
[SourceDate "2021.06.18"]
[SourceVersion "1"]
[SourceVersionDate "2021.06.18"]
[SourceQuality "2"]

1. Nf3 c5 2. c4 Nc6 3. g3 e5 4. Nc3 g6 5. d3 Bg7 6. Bg2 Nge7 7. O-O d6 8. a3
O-O 9. Rb1 a5 10. Ne1 Be6 11. Nc2 d5 12. cxd5 Nxd5 13. Ne3 Nxe3 14. Bxe3 Nd4
15. Bxb7 Rb8 16. Bg2 Qd7 17. Qd2 f5 18. f4 Rfe8 19. fxe5 Bxe5 20. Bf4 Bf7 21.
Kh1 a4 22. Bxe5 Rxe5 23. e4 Rbe8 24. Rbe1 Nb3 25. Qd1 c4 26. dxc4 Qxd1 27. Rxd1
fxe4 28. Rfe1 Nc5 29. Rd4 Kg7 30. Re3 g5 31. Kg1 Rb8 32. Nxa4 Nxa4 33. b4 Nb6
34. c5 Nc4 35. Rexe4 Rxe4 36. Bxe4 Nxa3 37. c6 Rc8 38. Rd7 Kf6 39. Rb7 Nc4 40.
Rxf7+ Kxf7 41. Bd5+ Kf6 42. Bxc4 Rxc6 43. Bd3 h6 44. b5 Rc5 45. Be4 Ke5 46. Bc6
Rc2 47. Kh1 Kd4 48. Kg1 Ke3 49. Bd7 Rb2 50. Bc6 h5 51. Be8 h4 52. gxh4 gxh4 53.
Bd7 Rd2 54. Bc8 Rd8 55. Bh3 Rd5 56. b6 Rb5 57. Bd7 Rxb6 58. Kg2 Rd6 59. Bc8 Rd8
60. Be6 Kf4 61. Kh3 Kg5 62. Kg2 Kf4 63. Kh3 Rd2 64. Bc8 Rd6 65. Kg2 Rd3 66. Be6
Rc3 67. Bd7 h3+ 68. Bxh3 Rc2+ 69. Kf1 Ke3 70. Be6 Rxh2 71. Bd5 Rd2 72. Bb7 Rf2+
73. Kg1 Ke2 74. Bc6 Rf6 75. Bb5+ Kf3 76. Kf1 Rb6 77. Be2+ Ke3 78. Bc4 Rb2 79.
Bd5 Rf2+ 80. Kg1 Ke2 81. Bc6 Rf6 82. Bb5+ Ke3 83. Bc4 Rf5 84. Ba6 Rf6 85. Bc4
Rc6 86. Bb5 Rg6+ 87. Kf1 Rf6+ 88. Kg1 Rb6 89. Bc4 Rb4 90. Bd5 Rb5 91. Bc6 Rc5
92. Bb7 Rc7 93. Bd5 Rc2 94. Bb7 Rf2 95. Bg2 Ke2 96. Bd5 Ke1 97. Bc6 Rf6 98. Bb7
Rg6+ 99. Kh2 Kf2 100. Kh3 Rg3+ 101. Kh4 Rf3 1/2-1/2

[Event "Lloyds Bank Masters 08th"]
[Site "London, Park Lane Hotel"]
[Date "1984.08.24"]
[Round "3"]
[White "Murshed, Niaz"]
[Black "Aaron, Augustine A"]
[Result "1-0"]
[WhiteElo "2405"]
[BlackElo "1935"]
[PlyCount "38"]
[EventDate "1984.08.22"]
[EventType "swiss"]
[EventRounds "9"]
[EventCountry "ENG"]
[SourceTitle "BritBase"]
[Source "John Saunders"]
[SourceDate "2021.06.18"]
[SourceVersion "1"]
[SourceVersionDate "2021.06.18"]
[SourceQuality "2"]

1. d4 Nf6 2. Nf3 g6 3. Nc3 Bg7 4. e4 O-O 5. e5 Ne8 6. Bg5 h6 7. Be3 d6 8. Qd2
Kh7 9. Bd3 Nc6 10. h4 Nb4 11. h5 Nxd3+ 12. Qxd3 Bf5 13. hxg6+ fxg6 14. Qc4 d5
15. Nxd5 e6 16. Nf4 Qe7 17. Nxe6 Bxe6 18. Qxe6 Qb4+ 19. Kf1 Qxb2 1-0